Zawodnicy z największą ilością punktów w historii NBA - Statystyki

Ogólne statystyki
  • Ten quiz został rozwiązany 83 razy
  • Średni wynik to 6 z 10
Statystyki odpowiedzi
Hint Player Punkty % Poprawnych
1 LeBron James 38,652
99%
5 Michael Jordan 32,292
92%
4 Kobe Bryant 33,643
85%
2 Kareem Abdul-Jabbar 38,387
76%
3 Karl Malone 36,928
57%
10 Moses Malone 27,409
48%
8 Shaquille O'neal 28,596
48%
6 Dirk Nowitzki 31,560
45%
9 Carmelo Anthony 28,289
28%
7 Wilt Chamberlein 31,419
12%
Nie znaleziono quizów pasujących do podanych kryteriów
Rozkład punktacji
Procent ludzi z każdym wynikiem
Percentyl według liczby udzielonych odpowiedzi
Twoja historia wyników
Nie rozwiązałeś tego quizu